| 000 | 00702cam a2200241 a 4500 | ||
|---|---|---|---|
| 999 |
_c5779 _d5779 |
||
| 001 | 6994 | ||
| 003 | BD-DhUAP | ||
| 005 | 20201221110644.0 | ||
| 008 | 201221s2001 nyua b 001 0 eng | ||
| 020 | _a0072524480 | ||
| 040 |
_aDLC _cDLC _dBD-DhUAP _beng |
||
| 082 | 0 | 0 |
_a657.044 SPI _223 |
| 100 | 1 | _aSpiceland, J. David. | |
| 245 | 1 | 0 |
_aIntermediate accounting / _cJ. David. Spiceland, James F. Sepe and Lawrence A. Tomassini. |
| 250 | _a2nd ed. | ||
| 260 |
_aNew York : _bMcGraw-Hill, _cc2001. |
||
| 300 |
_axxxii, 1092 pages : _billustrations ; _c28 cm. |
||
| 504 | _aIncludes index. | ||
| 650 | 0 | _aAccounting. | |
| 700 | 1 | _aSepe, James F. | |
| 700 | 1 | _aTomassini, Lawrence A. | |
| 942 |
_2ddc _cBK |
||